Textbook of physics
Guardat en:
| Autor principal: | |
|---|---|
| Format: | Llibre |
| Idioma: | anglès |
| Publicat: |
Londres
Pergamon Press
1959
|
| Matèries: | |
| Etiquetes: |
Afegir etiqueta
Sense etiquetes, Sigues el primer a etiquetar aquest registre!
|
MARC
| LEADER | 00000cam a2200000 a 4500 | ||
|---|---|---|---|
| 001 | UCF5061 | ||
| 003 | CL-VaPUC | ||
| 008 | 130117e19590000UK |||||||||||||||||eng|d | ||
| 082 | 0 | 4 | |a 535 |b KRO |2 21 |
| 100 | 0 | |a Kronig, R |e author |9 566781 | |
| 245 | 1 | 0 | |a Textbook of physics |
| 300 | |a 961 p | ||
| 942 | |c BK | ||
| 945 | |d 20130117 00:00:00 |a cmena | ||
| 260 | |a Londres |b Pergamon Press |c 1959 | ||
| 650 | 0 | |a Física |9 227844 | |
| 650 | 0 | |a Optica |9 263171 | |
| 650 | 0 | |a Propiedades físicas |9 342981 | |
| 650 | 0 | |a Ondas sonoras |9 322250 | |
| 650 | 0 | |a Estados de la Materia |9 347141 | |
| 650 | 0 | |a Termodinámica |9 259320 | |
| 583 | |a last modification |c 20130117 11:37:00 |k Rodrigo Vera | ||
| 999 | |c 350685 |d 350683 | ||
| 952 | |0 0 |1 0 |4 0 |6 535_000000000000000_KRO_1959 |7 0 |8 A |9 454258 |a BIBCUR |b BIBCUR |d 2019-11-22 |i 4944852 |o 535 KRO 1959 |p 4944852 |r 2025-04-22 |w 2019-11-22 |y BK |k FIS | ||